International economics. (Record no. 2620)

MARC details
000 -LEADER
fixed length control field 00789cam a2200205 a 4500
020 ## - INTERNATIONAL STANDARD BOOK NUMBER
ISBN 0256161925
050 00 - CALL NUMBER
Classification number HG3882
Item number .A67
100 1# - AUTHOR
Personal name Appleyard, Dennis R.
245 10 - TITLE
Title International economics.
Statement of responsibility, etc Dennis R. Appleyard, Alfred J. Field, Jr.
Remainder of title Payments, exchange rates & micro policy
250 ## - EDITION
Edition statement 2nd ed.
260 ## - PUBLICATION INFORMATION
Place of publication Chicago :
Name of publisher Irwin,
Year of publication c1995.
300 ## - DESCRIPTION
Number of Pages xxiii, 288 p. :
Other physical details ill. ;
Dimensions 26 cm.
500 ## - NOTES
General note includes index
505 ## - FORMATTED CONTENTS NOTE
Table of Content Part 1 Fundamentals if international monetary economics 17<br/>Part 2 Macro economy policy in the open economy 141<br/>Part 3 Issues in world monetary arrangements 211<br/>INDEX 281<br/>
650 #0 - SUBJECTS
Topical Term Balance of payments.
650 #0 - SUBJECTS
Topical Term Foreign exchange rates.
650 #0 - SUBJECTS
Topical Term International finance.
700 1# - OTHER AUTHORS
Personal name Field, Alfred J.
942 ## - ADDED ENTRY ELEMENTS (KOHA)
Koha item type Books
Holdings
Withdrawn status Lost status Collection code Home library Current library Shelving location Date acquired Full call number Accession Number Koha item type
    Reference Methodist University Library Main Methodist University Library Main General Stacks 19/02/2016 HG3882 .A67 11490 Books
Copyright © 2026  MUG Library